000 00472nam a2200181Ia 4500
003 OSt
005 20260202114129.0
008 210210b xxu||||| |||| 00| 0 eng d
040 _cAL
041 _aKannada
082 _a853/39
100 _aANANDARAV (M)
_9160474
_dಆನಂದರಾವ್ (ಎಂ)
245 _aJivana sangrama:
_bಜೀವನ ಸಂಗ್ರಾಮ
260 _aBallari
_b-
690 _aKannada Drama
_9160475
906 _a019311
942 _2ddc
_cBK
999 _c143432
_d143432